Temple Tracks : Labour, Piety and Railway Construction in Asia.

Bibliographic Details
Main Author: Sinha, Vineeta.
Format: eBook
Language:English
Published: New York, NY : Berghahn Books, Incorporated, 2023.
Edition:1st ed.
Series:Asian Anthropologies Series
Subjects:
Online Access:Click to View
LEADER 02104nam a22004093i 4500
001 EBC30333773
003 MiAaPQ
005 20240729202204.0
006 m o d |
007 cr cnu||||||||
008 240729s2023 xx o ||||0 eng d
020 |a 9781805390176  |q (electronic bk.) 
020 |z 9781805390169 
035 |a (MiAaPQ)EBC30333773 
035 |a (Au-PeEL)EBL30333773 
035 |a (OCoLC)1381313319 
040 |a MiAaPQ  |b eng  |e rda  |e pn  |c MiAaPQ  |d MiAaPQ 
050 4 |a HE3325 .S56 2023 
082 0 |a 385.09595 
100 1 |a Sinha, Vineeta. 
245 1 0 |a Temple Tracks :  |b Labour, Piety and Railway Construction in Asia. 
250 |a 1st ed. 
264 1 |a New York, NY :  |b Berghahn Books, Incorporated,  |c 2023. 
264 4 |c ©2023. 
300 |a 1 online resource (348 pages) 
336 |a text  |b txt  |2 rdacontent 
337 |a computer  |b c  |2 rdamedia 
338 |a online resource  |b cr  |2 rdacarrier 
490 1 |a Asian Anthropologies Series ;  |v v.16 
505 0 |a Intro -- Temple Tracks -- Contents -- Illustrations -- Preface -- Acknowledgements -- Abbreviations -- Introduction -- Chapter 1. Retelling Railway Histories -- Chapter 2. Constructing Colonial Railway Networks in Malaya -- Chapter 3. Work and Living Spaces of Malayan Railway Labour -- Chapter 4. Mapping 'Railwaymen Temples' in Singapore and -- Chapter 5. Sojourning with Muṉīsvaran the 'Railway God' -- Chapter 6. Railways and Religion -- Conclusion -- Appendices -- Glossary -- Index -- Blank Page. 
588 |a Description based on publisher supplied metadata and other sources. 
590 |a Electronic reproduction. Ann Arbor, Michigan : ProQuest Ebook Central, 2024. Available via World Wide Web. Access may be limited to ProQuest Ebook Central affiliated libraries.  
655 4 |a Electronic books. 
776 0 8 |i Print version:  |a Sinha, Vineeta  |t Temple Tracks  |d New York, NY : Berghahn Books, Incorporated,c2023  |z 9781805390169 
797 2 |a ProQuest (Firm) 
830 0 |a Asian Anthropologies Series 
856 4 0 |u https://ebookcentral.proquest.com/lib/matrademy/detail.action?docID=30333773  |z Click to View